Quick Pick: Horror TV Shows Quiz Stats

 Plays Quiz Updated Jul 27, 2016

Challenge
Share
Tweet
Embed
Score 0/12 Timer 01:00
0 Plays Today
% Correct
Dead
97.7%
Vampire
97.3%
Dark
96.7%
American
96.5%
Twilight
93.8%
Outer
93.7%
Blood
92.5%
Crypt
90.4%
Penny
87%
Horror
85.4%
Black
84.6%
Night
77.3%

Today's Daily Dose

You're not logged in!

Compare scores with friends on all Sporcle quizzes.
Join for Free
OR
Log In

You Might Also Like...

Show Comments

Extras

Top Quizzes Today


Score Distribution

Your Account Isn't Verified!

In order to create a playlist on Sporcle, you need to verify the email address you used during registration. Go to your Sporcle Settings to finish the process.

Report this User

Report this user for behavior that violates our Community Guidelines.

Details: